| 000 | 00674nam a2200193Ii 4500 | ||
|---|---|---|---|
| 003 | JO-AjNU | ||
| 008 | 230605s9999||||xx |||||||||||||| ||und|| | ||
| 040 |
_aJO-AjNU _bara _erda _cJO-AjNU |
||
| 041 | _aara | ||
| 050 | 1 | 4 | _aRC1225.I8288 1987 |
| 100 | 3 |
_aحلمي، عصام/ م . مشارك اسامة رياض , _eauthor _942117 |
|
| 245 | 0 | 0 | _aالطب الرياضي والتمرينات العلاجية في الماء |
| 264 | 3 | 1 | _aالاسكندرية:الفنية للنشر ، 1987 |
| 300 | _a110ص | ||
| 336 |
_atext _btxt _2rdacontent |
||
| 337 |
_aunmediated _bn _2rdamedia |
||
| 338 |
_avolume _bnc _2rdacarrier |
||
| 650 | 4 |
_aالطب الرياضي _942118 |
|
| 999 |
_aA18010 _c21578 _d21578 |
||